[Event "Madrid-chT 1415"]
[Site "Madrid"]
[Date "2015.03.01"]
[Round "12.36"]
[White "Rodriguez Perez, David Antonio"]
[Black "Plazuelo Pascual, Juan"]
[Result "0-1"]
[WhiteElo "2018"]
[BlackElo "2122"]
[PlyCount "30"]
[EventDate "2014.11.23"]
[EventType "team-tourn"]
[EventRounds "14"]
[EventCountry "ESP"]
[SourceTitle "EXT 2016"]
[Source "ChessBase"]
[SourceDate "2015.10.08"]
[SourceVersion "1"]
[SourceVersionDate "2015.10.08"]
[SourceQuality "1"]
[WhiteTeam "Villalba 64"]
[BlackTeam "Virgen de Atocha"]
[WhiteTeamCountry "ESP"]
[BlackTeamCountry "ESP"]

1. d4 Nf6 2. Bg5 Ne4 3. Bf4 e6 4. Nf3 d5 5. g3 c5 6. Bg2 Nc6 7. 0-0 Qb6 8. Nc3 Qxb2 9. Nxe4 dxe4 10. Ne5 Nxd4 11. Bxe4 f6 12. Nc4 Qb5 13. Qd3 e5 14. c3 Be6 15. Na3 Nxe2+ 0-1

[Event "Madrid Chamartin op 1st"]
[Site "Madrid"]
[Date "2012.09.13"]
[Round "6"]
[White "Gonzalez Mateos, Rafael"]
[Black "Rodriguez Perez, David Antonio"]
[Result "1-0"]
[WhiteElo "2161"]
[BlackElo "2019"]
[PlyCount "89"]
[EventDate "2012.09.09"]
[EventType "swiss"]
[EventRounds "9"]
[EventCountry "ESP"]
[SourceTitle "CBM 150 Extra"]
[Source "ChessBase"]
[SourceDate "2012.10.19"]
[SourceVersion "1"]
[SourceVersionDate "2012.10.19"]
[SourceQuality "1"]

1. d4 Nf6 2. c3 e6 3. Bg5 c5 4. e3 cxd4 5. exd4 Be7 6. Nf3 d6 7. Nbd2 Nbd7 8. Bd3 b6 9. Qe2 Nd5 10. Bxe7 Qxe7 11. g3 Bb7 12. 0-0 0-0 13. Rfe1 Rae8 14. a4 Qd8 15. Ba6 Ba8 16. Bb5 Qc7 17. a5 Bc6 18. Bxc6 Qxc6 19. Qc4 Qb7 20. Ne4 N7f6 21. Nxf6+ Nxf6 22. Nd2 d5 23. Qb5 Rb8 24. axb6 Qxb6 25. Qxb6 Rxb6 26. b3 a6 27. f3 Rc8 28. Rec1 Ne8 29. Kf2 Rbc6 30. c4 dxc4 31. bxc4 Nd6 32. c5 Nf5 33. Nb3 Rb8 34. Rc3 Rb4 35. Rd3 Rc4 36. Ra2 Rb4 37. g4 Ne7 38. Na5 Rc8 39. f4 Nc6 40. Nxc6 Rxc6 41. Ke3 f5 42. gxf5 exf5 43. Rc2 Re6+ 44. Kf3 Rb1 45. d5 1-0

[Event "Las Palmas-ch"]
[Site "Las Palmas"]
[Date "2011.07.20"]
[Round "2"]
[White "Cruz Pino, Adrian"]
[Black "Rodriguez Perez, David Antonio"]
[Result "1/2-1/2"]
[WhiteElo "1518"]
[BlackElo "1687"]
[PlyCount "26"]
[EventDate "2011.07.18"]
[EventType "swiss"]
[EventRounds "5"]
[EventCountry "ESP"]
[SourceTitle "EXT 2024"]
[Source "ChessBase"]
[SourceDate "2023.10.10"]
[SourceVersion "1"]
[SourceVersionDate "2023.10.10"]
[SourceQuality "1"]

1. b3 c5 2. Bb2 Nc6 3. Nf3 d6 4. e3 Nf6 5. d3 g6 6. Be2 Bg7 7. c4 a6 8. a3 b5 9. Nbd2 Bb7 10. 0-0 0-0 11. Rb1 Qd7 12. d4 bxc4 13. Nxc4 Rad8 1/2-1/2

[Event "Las Palmas Montalvo Memorial 4th"]
[Site "Las Palmas"]
[Date "2011.04.21"]
[Round "5"]
[White "Fernandez Manrique, Agustin"]
[Black "Rodriguez Perez, David Antonio"]
[Result "1-0"]
[WhiteElo "2158"]
[BlackElo "2029"]
[PlyCount "123"]
[EventDate "2011.04.18"]
[EventType "swiss"]
[EventRounds "9"]
[EventCountry "ESP"]
[SourceTitle "CBM 141 Extra"]
[Source "ChessBase"]
[SourceDate "2011.05.03"]
[SourceVersion "1"]
[SourceVersionDate "2011.05.03"]
[SourceQuality "1"]

1. c4 c5 2. Nc3 Nc6 3. g3 e6 4. Nf3 d5 5. cxd5 exd5 6. d4 Nf6 7. Bg2 h6 8. 0-0 Be6 9. Bf4 Be7 10. Rc1 0-0 11. dxc5 Bxc5 12. Na4 Bd6 13. Bxd6 Qxd6 14. Nd4 Nxd4 15. Qxd4 Rfd8 16. Rfd1 Qa6 17. Nc3 Rac8 18. e3 Qa5 19. Qd2 Kh8 20. Qe2 a6 21. Rd4 b5 22. a3 Rc4 23. Rcd1 Rxd4 24. Rxd4 Qc7 25. Qd1 Rc8 26. h3 Qe5 27. Qd2 Rc4 28. Ne2 Rxd4 29. Nxd4 Qc7 30. Qc2 Qxc2 31. Nxc2 Ne8 32. Kf1 Kg8 33. Ke2 Kf8 34. Nb4 Nc7 35. Kd3 Ke7 36. Kd4 Kd6 37. Nd3 f6 38. Nc5 Bc8 39. h4 Ne6+ 40. Nxe6 Bxe6 41. b4 h5 42. Bf1 Bd7 43. Bd3 f5 44. Be2 g6 45. f3 Bc6 46. Bd1 Bd7 47. Bb3 Bc6 48. Bc2 Bd7 49. e4 fxe4 50. fxe4 dxe4 51. Bxe4 Be8 52. Bb7 Kc7 53. Bxa6 Kd6 54. Bb7 Bf7 55. Be4 Be8 56. Bd3 Bc6 57. Bxg6 Bf3 58. Bd3 Bc6 59. Bc2 Be8 60. Bb3 Bd7 61. Bd1 Be8 62. Be2 1-0

[Event "Las Palmas Montalvo Memorial 4th"]
[Site "Las Palmas"]
[Date "2011.04.21"]
[Round "4"]
[White "Hernando Rodrigo, Jose Maria"]
[Black "Rodriguez Perez, David Antonio"]
[Result "1-0"]
[WhiteElo "2313"]
[BlackElo "2029"]
[PlyCount "55"]
[EventDate "2011.04.18"]
[EventType "swiss"]
[EventRounds "9"]
[EventCountry "ESP"]
[SourceTitle "CBM 141 Extra"]
[Source "ChessBase"]
[SourceDate "2011.05.03"]
[SourceVersion "1"]
[SourceVersionDate "2011.05.03"]
[SourceQuality "1"]

1. d4 Nf6 2. Nf3 g6 3. g3 Bg7 4. Bg2 0-0 5. 0-0 d6 6. c3 Nbd7 7. Re1 Re8 8. e4 e5 9. Qc2 c6 10. a4 a5 11. Na3 Qc7 12. b3 Rb8 13. Bb2 b5 14. Bf1 bxa4 15. bxa4 Nb6 16. Rab1 exd4 17. cxd4 Nxe4 18. d5 Bf5 19. Bxg7 Kxg7 20. Bd3 Qe7 21. dxc6 d5 22. Nb5 Qc5 23. Qxc5 Nxc5 24. Rxe8 Rxe8 25. Bxf5 gxf5 26. Nd6 Re6 27. Rxb6 Nxa4 28. Rb8 1-0

[Event "Las Palmas-chT"]
[Site "Las Palmas"]
[Date "2011.03.19"]
[Round "9.4"]
[White "Rodriguez Perez, David Antonio"]
[Black "Padilla Socorro, Jesus"]
[Result "1-0"]
[WhiteElo "2022"]
[BlackElo "1775"]
[PlyCount "55"]
[EventDate "2011.01.15"]
[EventType "team-swiss"]
[EventRounds "14"]
[EventCountry "ESP"]
[SourceTitle "EXT 2012"]
[Source "ChessBase"]
[SourceDate "2011.11.24"]
[SourceVersion "1"]
[SourceVersionDate "2011.11.24"]
[SourceQuality "1"]
[WhiteTeam "Real Club Victoria"]
[BlackTeam "Telde Los Llanos"]
[WhiteTeamCountry "ESP"]
[BlackTeamCountry "ESP"]

1. d4 Nf6 2. Bg5 e6 3. g3 Be7 4. Bg2 d5 5. Bxf6 Bxf6 6. e3 c5 7. Ne2 Nc6 8. c3 c4 9. Nd2 b5 10. a4 b4 11. Nxc4 0-0 12. Nd2 bxc3 13. bxc3 Ba6 14. 0-0 Bxe2 15. Qxe2 Rc8 16. c4 dxc4 17. Nxc4 Na5 18. Nxa5 Qxa5 19. Qb5 Bd8 20. Qb7 Qc7 21. Qe4 Qa5 22. Rfb1 Rc4 23. Rb5 Qc3 24. Qb1 Ba5 25. Be4 h6 26. Qa2 Rfc8 27. Rab1 Qd2 28. Qxc4 1-0

[Event "Las Palmas-chT"]
[Site "Las Palmas"]
[Date "2011.01.22"]
[Round "2.4"]
[White "Padilla Socorro, Jesus"]
[Black "Rodriguez Perez, David Antonio"]
[Result "0-1"]
[WhiteElo "1775"]
[BlackElo "2022"]
[PlyCount "92"]
[EventDate "2011.01.15"]
[EventType "team-swiss"]
[EventRounds "14"]
[EventCountry "ESP"]
[SourceTitle "EXT 2012"]
[Source "ChessBase"]
[SourceDate "2011.11.24"]
[SourceVersion "1"]
[SourceVersionDate "2011.11.24"]
[SourceQuality "1"]
[WhiteTeam "Telde Los Llanos"]
[BlackTeam "Real Club Victoria"]
[WhiteTeamCountry "ESP"]
[BlackTeamCountry "ESP"]

1. Nf3 d5 2. d4 e6 3. Bf4 c5 4. c3 Nc6 5. e3 Nf6 6. Bd3 Be7 7. Ne5 Qb6 8. Qc2 c4 9. Be2 Ne4 10. Nd2 Nxd2 11. Qxd2 Nxe5 12. Bxe5 f6 13. Bg3 0-0 14. 0-0 Bd7 15. e4 Qc6 16. e5 f5 17. f4 Be8 18. Qe1 Qb6 19. Rb1 Qd8 20. b3 b5 21. bxc4 bxc4 22. Qd2 Qa5 23. Qb2 Bc6 24. Bf2 Ba3 25. Qd2 Rab8 26. g4 Rb6 27. gxf5 exf5 28. Rxb6 axb6 29. Rb1 b5 30. Bd1 Be7 31. Be1 Ra8 32. Rb2 Qd8 33. Qe3 Ra3 34. Bc2 g6 35. Qe2 Qf8 36. h4 Qh6 37. Qf2 Qh5 38. Bb1 b4 39. cxb4 Qg4+ 40. Qg2 Qxf4 41. Qf2 Rf3 42. Qg2 Qxd4+ 43. Rf2 Rxf2 44. Bxf2 Qd1+ 45. Qf1 Qxf1+ 46. Kxf1 Bxb4 0-1

[Event "Tenerife op 21st"]
[Site "Tenerife"]
[Date "2010.12.22"]
[Round "5"]
[White "Perez Barreto, Adrian"]
[Black "Rodriguez Perez, David Antonio"]
[Result "1/2-1/2"]
[WhiteElo "1718"]
[BlackElo "2058"]
[PlyCount "54"]
[EventDate "2010.12.16"]
[EventType "swiss"]
[EventRounds "9"]
[EventCountry "ESP"]
[SourceTitle "CBM 140 Extra"]
[Source "ChessBase"]
[SourceDate "2011.03.01"]
[SourceVersion "1"]
[SourceVersionDate "2011.03.01"]
[SourceQuality "1"]

1. d4 d5 2. c4 e6 3. Nc3 Nf6 4. cxd5 exd5 5. Bg5 Be7 6. e3 h6 7. Bh4 0-0 8. Bd3 c5 9. dxc5 Nbd7 10. Bc2 Nxc5 11. Nge2 b6 12. Nd4 Qd7 13. Nf5 Bd8 14. 0-0 Nfe4 15. Nxd5 Bxh4 16. Nxh4 Rd8 17. f3 Qxd5 18. fxe4 Qxd1 19. Raxd1 Bb7 20. e5 Ba6 21. Rfe1 Bd3 22. Bxd3 Nxd3 23. Re2 Nxe5 24. Rxd8+ Rxd8 25. Kf2 Rd3 26. h3 Rd6 27. Rc2 g6 1/2-1/2

[Event "Tenerife op 21st"]
[Site "Tenerife"]
[Date "2010.12.21"]
[Round "4"]
[White "Rodriguez Perez, David Antonio"]
[Black "Gonzalez Moreno, Juan Carlos"]
[Result "1/2-1/2"]
[WhiteElo "2058"]
[BlackElo "1702"]
[PlyCount "47"]
[EventDate "2010.12.16"]
[EventType "swiss"]
[EventRounds "9"]
[EventCountry "ESP"]
[SourceTitle "CBM 140 Extra"]
[Source "ChessBase"]
[SourceDate "2011.03.01"]
[SourceVersion "1"]
[SourceVersionDate "2011.03.01"]
[SourceQuality "1"]

1. e4 c5 2. Nf3 Nc6 3. d4 cxd4 4. Nxd4 d6 5. Nc3 Nf6 6. Bc4 Qb6 7. Be3 Ng4 8. Nd5 Nxe3 9. Nxb6 Nxd1 10. Nxa8 Nxd4 11. Rxd1 Nxc2+ 12. Kd2 Nd4 13. Nc7+ Kd8 14. Nb5 Nxb5 15. Bxb5 Be6 16. Rc1 g6 17. Bc4 Bh6+ 18. Kd3 Bxc1 19. Rxc1 Bxc4+ 20. Rxc4 Kd7 21. Rb4 Kc6 22. Rc4+ Kd7 23. Rb4 Kc6 24. Rc4+ 1/2-1/2

[Event "Tenerife op 21st"]
[Site "Tenerife"]
[Date "2010.12.20"]
[Round "3"]
[White "Mukhi Talreja, Ishita Tina"]
[Black "Rodriguez Perez, David Antonio"]
[Result "0-1"]
[WhiteElo "1530"]
[BlackElo "2058"]
[PlyCount "54"]
[EventDate "2010.12.16"]
[EventType "swiss"]
[EventRounds "9"]
[EventCountry "ESP"]
[SourceTitle "CBM 140 Extra"]
[Source "ChessBase"]
[SourceDate "2011.03.01"]
[SourceVersion "1"]
[SourceVersionDate "2011.03.01"]
[SourceQuality "1"]

1. d4 e5 2. dxe5 Nc6 3. Nf3 Qe7 4. Bg5 Qb4+ 5. Nbd2 Qxb2 6. Nb3 Nxe5 7. Nxe5 Qxe5 8. Qc1 Bb4+ 9. Bd2 Bxd2+ 10. Qxd2 Nf6 11. Qd4 Qe7 12. g3 0-0 13. Bg2 d5 14. e3 Bf5 15. Rc1 Rfd8 16. 0-0 b6 17. c4 c5 18. Qb2 Be4 19. cxd5 Bxg2 20. Kxg2 Rxd5 21. Nd2 Rad8 22. Nc4 Ne4 23. a4 Qd7 24. a5 Ng5 25. f3 b5 26. Ne5 Qh3+ 27. Kg1 Rd2 0-1

[Event "Galdar op 2nd"]
[Site "Galdar"]
[Date "2010.11.17"]
[Round "5"]
[White "Rodriguez Perez, David Antonio"]
[Black "Diaz Suarez, Cayetano"]
[Result "1/2-1/2"]
[WhiteElo "2058"]
[BlackElo "1844"]
[PlyCount "155"]
[EventDate "2010.11.13"]
[EventType "swiss"]
[EventRounds "9"]
[EventCountry "ESP"]
[SourceTitle "CBM 139 Extra"]
[Source "ChessBase"]
[SourceDate "2011.01.05"]
[SourceVersion "1"]
[SourceVersionDate "2011.01.05"]
[SourceQuality "1"]

1. e4 c5 2. Nf3 e6 3. d4 cxd4 4. Nxd4 a6 5. Nc3 Qc7 6. Be3 Nf6 7. Be2 b5 8. a3 Bb7 9. Bf3 Nc6 10. Nxc6 Bxc6 11. Qd4 Bd6 12. 0-0-0 Be5 13. Qb4 a5 14. Qc5 b4 15. axb4 axb4 16. Qxb4 Rb8 17. Qa3 Bxe4 18. Nxe4 Nxe4 19. Bd4 Bf4+ 20. Be3 Nxf2 21. Rxd7 Bxe3+ 22. Qxe3 Qxd7 23. Qxf2 0-0 24. Rd1 Qa4 25. Kb1 Rfc8 26. Qd2 g6 27. b3 Qa3 28. Qd4 Rd8 29. Qxd8+ Rxd8 30. Rxd8+ Kg7 31. Rb8 Qd6 32. Rb7 Qxh2 33. b4 h5 34. b5 h4 35. Rd7 h3 36. gxh3 Qxh3 37. Rd3 Qh2 38. Rb3 Qg1+ 39. Ka2 Qb6 40. c4 f5 41. c5 Qa7+ 42. Kb1 Qa4 43. Kb2 Qd4+ 44. Ka2 Qxc5 45. b6 Qa5+ 46. Kb2 Qe5+ 47. Ka3 Qd6+ 48. Ka2 e5 49. b7 Qb8 50. Bd5 e4 51. Rc3 Qd8 52. Kb2 Qb6+ 53. Rb3 Qd4+ 54. Ka3 Qa7+ 55. Kb4 e3 56. Rxe3 Qxe3 57. b8Q Qd4+ 58. Bc4 Qd2+ 59. Kc5 Qe3+ 60. Kc6 Kf6 61. Qd8+ Qe7 62. Qxe7+ Kxe7 63. Kd5 Kf6 64. Kd4 Kg5 65. Ke3 Kg4 66. Kf2 Kf4 67. Bd5 g5 68. Bc6 Kg4 69. Kg2 Kh4 70. Bd7 Kg4 71. Kf2 Kf4 72. Bc8 g4 73. Bb7 Kg5 74. Bc8 f4 75. Bxg4 Kxg4 76. Kg2 f3+ 77. Kf2 Kf4 78. Kf1 1/2-1/2

[Event "Vecindario Canarias op 4th"]
[Site "Vecindario"]
[Date "2010.07.22"]
[Round "6"]
[White "Rodriguez Perez, David Antonio"]
[Black "Vega Gutierrez, Belinda Vidina"]
[Result "0-1"]
[WhiteElo "2039"]
[BlackElo "2266"]
[PlyCount "100"]
[EventDate "2010.07.18"]
[EventType "swiss"]
[EventRounds "9"]
[EventCountry "ESP"]
[SourceTitle "CBM 137 Extra"]
[Source "ChessBase"]
[SourceDate "2010.09.01"]
[SourceVersion "1"]
[SourceVersionDate "2010.09.01"]
[SourceQuality "1"]

1. e4 e5 2. Nf3 Nc6 3. d4 exd4 4. Bc4 Nf6 5. 0-0 Nxe4 6. Re1 d5 7. Bxd5 Qxd5 8. Nc3 Qh5 9. Nxe4 Be6 10. Bg5 Bd6 11. c4 0-0 12. c5 Be5 13. Nxe5 Qxd1 14. Raxd1 Nxe5 15. Rxd4 Nc6 16. Rd2 Nb4 17. a3 Nd5 18. f4 Rfe8 19. Ng3 f6 20. f5 Bf7 21. Rxe8+ Rxe8 22. Bh4 Re5 23. Kf2 Ne3 24. Rd7 Bd5 25. Nf1 Nxf5 26. Bg3 Nxg3 27. Nxg3 Bc6 28. Rd8+ Kf7 29. b4 Rd5 30. Rxd5 Bxd5 31. Nf5 g6 32. Nd4 a6 33. g3 f5 34. Ke3 Kf6 35. h4 h6 36. Ne2 g5 37. Kd4 Bf3 38. Nc3 f4 39. gxf4 gxf4 40. a4 Kf5 41. b5 axb5 42. Nxb5 Bc6 43. Nxc7 Bxa4 44. Nd5 Bc6 45. Ne7+ Kg4 46. Ng6 f3 47. Ke3 Kg3 48. Nf4 Kxh4 49. Kf2 Kg4 50. Nd3 Kf5 0-1

[Event "Vecindario Canarias op 4th"]
[Site "Vecindario"]
[Date "2010.07.18"]
[Round "2"]
[White "Rodriguez Perez, David Antonio"]
[Black "Tatai, Stefano"]
[Result "0-1"]
[WhiteElo "2039"]
[BlackElo "2357"]
[PlyCount "72"]
[EventDate "2010.07.18"]
[EventType "swiss"]
[EventRounds "9"]
[EventCountry "ESP"]
[SourceTitle "CBM 137 Extra"]
[Source "ChessBase"]
[SourceDate "2010.09.01"]
[SourceVersion "1"]
[SourceVersionDate "2010.09.01"]
[SourceQuality "1"]

1. e4 c5 2. Nf3 e6 3. d4 cxd4 4. Nxd4 a6 5. Nc3 Qc7 6. Bd3 Nc6 7. Be3 Nf6 8. 0-0 b5 9. Nb3 Ne5 10. f4 Nc4 11. Bd4 Bb7 12. e5 Nd5 13. Nxd5 Bxd5 14. Qe2 g6 15. f5 Bg7 16. f6 Bf8 17. Be4 Bxe4 18. Qxe4 Rc8 19. Rae1 a5 20. Re2 a4 21. Nd2 d5 22. Qf4 Nxd2 23. Qxd2 h5 24. Rf3 b4 25. a3 Qc4 26. axb4 Bxb4 27. Qd3 Kd7 28. Qxc4 Rxc4 29. c3 Ba5 30. Rf1 Rb8 31. Ra1 Rb3 32. Kf2 Kc6 33. Ke3 a3 34. Rxa3 Rxa3 35. bxa3 Bxc3 36. Rd2 Bxd2+ 0-1

[Event "Santa Cruz Cup-chT"]
[Site "Santa Cruz"]
[Date "2010.05.28"]
[Round "4"]
[White "Rodriguez Perez, David Antonio"]
[Black "Rodriguez Falcon, David"]
[Result "1-0"]
[WhiteElo "2031"]
[BlackElo "1771"]
[PlyCount "87"]
[EventDate "2010.05.26"]
[EventType "team"]
[EventRounds "7"]
[EventCountry "ESP"]
[SourceTitle "CBM 136 Extra"]
[Source "ChessBase"]
[SourceDate "2010.07.02"]
[SourceVersion "2"]
[SourceVersionDate "2010.07.15"]
[SourceQuality "1"]
[WhiteTeam "Real Club Victoria"]
[BlackTeam "La Palma Capablanca"]
[WhiteTeamCountry "ESP"]
[BlackTeamCountry "ESP"]

1. e4 b6 2. d4 Bb7 3. Nc3 e6 4. Bd3 c5 5. Nf3 cxd4 6. Nxd4 Nc6 7. Nb3 Nge7 8. 0-0 d5 9. Bg5 h6 10. Bh4 g5 11. Bg3 d4 12. Ne2 e5 13. c3 dxc3 14. Nxc3 Bg7 15. Qf3 0-0 16. Rad1 a5 17. Qh5 a4 18. Bb5 Qc8 19. Nxa4 Qe6 20. Nxb6 Ra7 21. Bc4 Qg6 22. Qxg6 Nxg6 23. Rd7 Bc8 24. Rxa7 Nxa7 25. Rd1 Kh8 26. f3 Nf4 27. Bf2 Be6 28. Bxe6 Nxe6 29. Nc5 Nd4 30. Ncd7 Re8 31. Nxe5 Ne2+ 32. Kf1 Bxe5 33. Kxe2 Nc6 34. b3 Bb2 35. a4 Na5 36. b4 Nc6 37. b5 Na5 38. Bd4+ Bxd4 39. Rxd4 f5 40. Kd3 Re6 41. Nc4 Nb3 42. Rd6 Nc5+ 43. Kd4 Rxd6+ 44. Nxd6 1-0

[Event "Las Palmas Insular-chT"]
[Site "Las Palmas"]
[Date "2010.02.20"]
[Round "6"]
[White "Rodriguez Perez, David Antonio"]
[Black "Garcia Caballero, Luis"]
[Result "0-1"]
[WhiteElo "2038"]
[BlackElo "2152"]
[PlyCount "42"]
[EventDate "2010.01.16"]
[EventType "team-tourn"]
[EventRounds "14"]
[EventCountry "ESP"]
[SourceTitle "EXT 2011"]
[Source "ChessBase"]
[SourceDate "2010.11.26"]
[SourceVersion "1"]
[SourceVersionDate "2010.11.26"]
[SourceQuality "1"]
[WhiteTeam "Real Club Victoria"]
[BlackTeam "Villa de Teror"]
[WhiteTeamCountry "ESP"]
[BlackTeamCountry "ESP"]

1. e4 e5 2. Bc4 Nf6 3. d3 d5 4. exd5 Nxd5 5. Nf3 Nc6 6. 0-0 Bg4 7. c3 Nb6 8. Bxf7+ Kxf7 9. h3 Bxf3 10. Qxf3+ Qf6 11. Qg3 Qg6 12. Qf3+ Kg8 13. Nd2 Bd6 14. Ne4 Rf8 15. Qe2 h6 16. h4 Nd5 17. Qc2 Kh7 18. d4 Nf6 19. Re1 Nxe4 20. Rxe4 exd4 21. Bd2 Re8 0-1

[Event "Las Palmas Lezacano Memorial 3rd sf"]
[Site "Las Palmas"]
[Date "2010.01.28"]
[Round "4"]
[White "Ruiz Delgado, Basilio"]
[Black "Rodriguez Perez, David Antonio"]
[Result "1/2-1/2"]
[WhiteElo "1698"]
[BlackElo "2038"]
[PlyCount "29"]
[EventDate "2010.01.18"]
[EventType "swiss"]
[EventRounds "5"]
[EventCountry "ESP"]
[SourceTitle "EXT 2024"]
[Source "ChessBase"]
[SourceDate "2023.10.10"]
[SourceVersion "1"]
[SourceVersionDate "2023.10.10"]
[SourceQuality "1"]

1. d4 e5 2. dxe5 Nc6 3. Nf3 Qe7 4. Bf4 Qb4+ 5. Bd2 Qxb2 6. Nc3 Bb4 7. Rb1 Qa3 8. Rb3 Qa5 9. a3 Bxc3 10. Bxc3 Qa4 11. e3 Nge7 12. Bb5 Qg4 13. 0-0 0-0 14. h3 Qh5 15. Bc4 1/2-1/2

[Event "La Laguna op 3rd"]
[Site "La Laguna"]
[Date "2009.05.04"]
[Round "1"]
[White "Rodriguez Ferraz, Borja"]
[Black "Rodriguez Perez, David Antonio"]
[Result "1-0"]
[WhiteElo "1966"]
[BlackElo "2062"]
[PlyCount "69"]
[EventDate "2009.05.04"]
[EventType "swiss"]
[EventRounds "9"]
[EventCountry "ESP"]
[SourceTitle "CBM 130 Extra"]
[Source "ChessBase"]
[SourceDate "2009.07.02"]
[SourceVersion "2"]
[SourceVersionDate "2009.07.15"]
[SourceQuality "1"]

1. d4 d5 2. c4 Be6 3. Nc3 c6 4. cxd5 cxd5 5. Nf3 Nc6 6. Bf4 Nf6 7. e3 Ne4 8. Nxe4 dxe4 9. Nd2 Qc8 10. Nxe4 Bg4 11. Qa4 e5 12. Bxe5 Bb4+ 13. Nd2 Qf5 14. f3 Bh5 15. Be2 0-0 16. g4 Qg6 17. gxh5 Qxh5 18. Bg3 Be7 19. Rg1 Qa5 20. Qxa5 Nxa5 21. Be5 f6 22. Bf4 g5 23. h4 h6 24. Bh2 Rfc8 25. Bd3 Bb4 26. Ke2 Re8 27. Ne4 Rad8 28. Nxf6+ Kf8 29. Nxe8 Rxe8 30. hxg5 hxg5 31. Rxg5 Be7 32. Rxa5 Kg7 33. Rg1+ Bg5 34. Raxg5+ Kh6 35. Bf4 1-0

[Event "Las Palmas op"]
[Site "Las Palmas"]
[Date "2009.04.09"]
[Round "5"]
[White "Rodriguez Perez, David Antonio"]
[Black "Herrera Reyes, Jose Antonio"]
[Result "0-1"]
[WhiteElo "2062"]
[BlackElo "2107"]
[PlyCount "62"]
[EventDate "2009.04.05"]
[EventType "swiss"]
[EventRounds "9"]
[EventCountry "ESP"]
[SourceTitle "CBM 129 Extra"]
[Source "ChessBase"]
[SourceDate "2009.05.05"]
[SourceVersion "2"]
[SourceVersionDate "2009.05.20"]
[SourceQuality "1"]

1. e4 c5 2. Nf3 e6 3. d3 d5 4. Nbd2 Nc6 5. g3 Nf6 6. Bg2 b6 7. 0-0 Bb7 8. Re1 Be7 9. c3 0-0 10. e5 Nd7 11. d4 cxd4 12. cxd4 a5 13. h4 a4 14. Nf1 a3 15. bxa3 Bxa3 16. Bh3 Bxc1 17. Qxc1 Qe7 18. Ne3 Nb4 19. Qd2 Ra3 20. Reb1 Nc6 21. Rb3 Rfa8 22. Rxa3 Rxa3 23. Qc1 Ra4 24. Qc2 b5 25. Rb1 Ra5 26. Ng4 Nf8 27. Qd2 Qa3 28. Qf4 Ng6 29. Qe3 Qxa2 30. Rc1 Ra3 31. Rc3 Qa1+ 0-1